| 000 | 00782cam a22002894i 4500 | ||
|---|---|---|---|
| 001 | 17972131 | ||
| 005 | 20171215041311.0 | ||
| 008 | 131216s2015 ctua 000 0 eng d | ||
| 010 | _a 2013957655 | ||
| 020 | _a9781285189109 | ||
| 020 | _a1285189108 | ||
| 020 | _a9781285423623 | ||
| 020 | _a1285423623 | ||
| 035 | _a(OCoLC)ocn903955607 | ||
| 040 |
_aTUC _cTUC _dDLC _erda _dDLC |
||
| 041 | _aeng | ||
| 042 | _alccopycat | ||
| 080 | _a330.101.541 | ||
| 082 | _a330.101.541 WIL | ||
| 100 | 1 | _a52., | |
| 101 | _aMAC | ||
| 245 | 1 | 0 |
_aECON macro : _cWilliam A. McEachern. |
| 906 |
_a7 _bcbc _ccopycat _d3 _encip _f20 _gy-gencatlg |
||
| 942 |
_2ddc _cBK |
||
| 999 |
_c38973 _d38973 |
||